000 00337nam a2200133Ia 4500
005 20260328101517.0
008 260328s9999||||xx |||||||||||||| ||und||
100 _aJodidio, Philip
245 0 _aArchitecture now! :
_b Museums /
_cPhilip Jodidio
260 _bTaschen
300 _a416 p.
650 _aARQUITECTURA - CULTURA
942 _cBK
999 _c9425
_d9425